Feuerbach / (Record no. 56539)
[ view plain ]
| 000 -LEADER | |
|---|---|
| fixed length control field | 00760nam a2200277 a 4500 |
| 001 - CONTROL NUMBER | |
| control field | 56539 |
| 003 - CONTROL NUMBER IDENTIFIER | |
| rucl marc code | BD-RJUL |
| 005 - DATE AND TIME OF LATEST TRANSACTION | |
| control field | 20211209080417.0 |
| 008 - FIXED-LENGTH DATA ELEMENTS--GENERAL INFORMATION | |
| fixed length control field | 161201s1982 enk b 001 0 eng |
| 020 ## - INTERNATIONAL STANDARD BOOK NUMBER | |
| International Standard Book Number | 052121257X |
| International Standard Book Number | 0521289297 (pbk) |
| 035 ## - SYSTEM CONTROL NUMBER | |
| System control number | (BD-RJUL)56663 |
| 040 ## - CATALOGING SOURCE | |
| Original cataloging agency | DLC |
| Transcribing agency | DLC |
| Modifying agency | BD-RJUL |
| Language of cataloging | eng |
| 041 ## - LANGUAGE CODE | |
| Language code of text/sound track or separate title | eng |
| 082 ## - DEWEY DECIMAL CLASSIFICATION NUMBER | |
| Classification number | 193 |
| Edition number | 23 |
| Author mark and year | WAF 1982 |
| 099 ## - LOCAL FREE-TEXT CALL NUMBER (OCLC) | |
| Bangla Class number | *ML BZ.FEU5 - 7 - H7 |
| 100 1# - MAIN ENTRY--PERSONAL NAME | |
| Personal name | Wartofsky, Marx W. |
| 9 (RLIN) | 168146 |
| 245 10 - TITLE STATEMENT | |
| Title | Feuerbach / |
| Statement of responsibility, etc. | Marx W. Wartofsky. |
| 250 ## - EDITION STATEMENT | |
| Edition statement | 1st paperback ed. |
| 260 ## - PUBLICATION, DISTRIBUTION, ETC. (IMPRINT) | |
| Place of publication, distribution, etc. | Cambridge : |
| Name of publisher, distributor, etc. | Cambridge University Press, |
| Date of publication, distribution, etc. | 1982 |
| 300 ## - PHYSICAL DESCRIPTION | |
| Pagination | xx, 460 p. ; |
| Size | 24 cm. |
| 500 ## - GENERAL NOTE | |
| General note | Includes index. |
| 600 10 - SUBJECT ADDED ENTRY--PERSONAL NAME | |
| Personal name | Feuerbach, Ludwig, |
| Dates associated with a name | 1804-1872. |
| 942 ## - ADDED ENTRY ELEMENTS (KOHA) | |
| Source of classification or shelving scheme | Dewey Decimal Classification |
| Koha item type | Books |
| Lost status | Source of classification or shelving scheme | Damaged status | Not for loan | Collection code | Permanent Location | Current Location | Shelving location | Date acquired | Source of acquisition | Cost, normal purchase price | Total Checkouts | Full call number | Date last seen | Copy number | Koha item type |
|---|---|---|---|---|---|---|---|---|---|---|---|---|---|---|---|
| Dewey Decimal Classification | Not For Loan | Non-fiction | Central Library, University of Rajshahi | Central Library, University of Rajshahi | Reading Room | 02/01/1986 | Karim International | 11.95 | 193 WAF 1982 | 01/12/2016 | C-1 | Books |